000
00290nam a22001217a 4500
008
180522b xxu||||| |||| 00| 0 eng d
041
_a
eng
080
_a
043.3
100
_a
0
101
_a
SHKI-BTH
245
_a
Krahasimi i magento dhe drupal në E-commerce
_c
Berisha,L
942
_2
udc
_c
BK
999
_c
46184
_d
46184